| 000 | 00506nam a2200181 a 4500 | ||
|---|---|---|---|
| 003 | PILC | ||
| 005 | 20150112093434.0 | ||
| 008 | 100726s19uu xx 00 eng d | ||
| 020 | _a0446311847 | ||
| 050 |
_aPE 1111 _b.Op61 1965 |
||
| 082 |
_aLnSFr 425 _bOp1 1965 |
||
| 100 |
_aOpdycke, John B. _914772 |
||
| 245 |
_aHarper's english grammar / _cJohn B. Opdycke |
||
| 260 |
_aNew York : _bHarper and Row, _c1965. |
||
| 300 |
_a286 pages : _c20 cm. |
||
| 650 |
_aEnglish - Grammar _914773 |
||
| 942 |
_2lcc _cBK |
||
| 999 |
_c14492 _d14492 |
||